LIBROS SIN PROCESO TECNICO (Registro nro. 56264)
[ vista simple ]
| 000 -LEADER | |
|---|---|
| fixed length control field | 01016nam a2200181 a 4500 |
| 001 - CONTROL NUMBER | |
| control field | 56264 |
| 005 - DATE AND TIME OF LATEST TRANSACTION | |
| control field | 20180714051941.0 |
| 008 - FIXED-LENGTH DATA ELEMENTS--GENERAL INFORMATION | |
| fixed length control field | 140415s1991 mx 000 0 spa d |
| 041 ## - LANGUAGE CODE | |
| Language code of text/sound track or separate title | spa |
| 082 ## - DEWEY DECIMAL CLASSIFICATION NUMBER | |
| Classification number | 025.6 |
| Item number | DIR |
| 110 1# - MAIN ENTRY--CORPORATE NAME | |
| Corporate name or jurisdiction name as entry element | Dirección General de Bibliotecas,. |
| 245 10 - TITLE STATEMENT | |
| Title | LIBROS SIN PROCESO TECNICO |
| 250 ## - EDITION STATEMENT | |
| Edition statement | 1a ed. |
| 260 ## - PUBLICATION, DISTRIBUTION, ETC. | |
| Place of publication, distribution, etc. | MEXICO : |
| Name of publisher, distributor, etc. | CONSEJO NACIONAL PARA LA CULTURA Y LAS ARTES, |
| Date of publication, distribution, etc. | 1991 |
| 300 ## - PHYSICAL DESCRIPTION | |
| Extent | 270 |
| Dimensions | 15 x 0.4 x 21.5 |
| 520 ## - SUMMARY, ETC. | |
| Summary, etc. | EL PROCESAMIENTO TECNICO DE LOS MILLONES DE LIBROS QUE HAN SIDO ENVIADOS A LAS BIBLIOTECAS QUE INTEGRAN LA RED NACIONAL DE BIBLIOTECAS PUBLICAS SE HA EFECTUADO EN LA DIRECCION GENERAL DE BIBLIOTECAS (DGB). LA REALIZACION DE ESTA COMPLEJA LABOR EN FORMA CENTRALIZADA HA PERMITIDO LA ADOPCION DE NORMAS QUE HACEN POSIBLE QUE UN LIBRO SEA PROCESADO DE UNA SOLA MANERA, INDEPENDIENTEMENTE DEL LUGAR DE LA REPUBLICA DONDE SE CONSULTE. LA INFORMACION CATALOGRAFICA DE TODAS LAS OBRAS QUE HAN SIDO |
| 650 14 - SUBJECT ADDED ENTRY--TOPICAL TERM | |
| Topical term or geographic name entry element | CIRCULACION Y PRESTAMO (BIBLIOTECAS) |
| Withdrawn status | Lost status | Source of classification or shelving scheme | Damaged status | Not for loan | Collection code | Home library | Current library | Shelving location | Date acquired | Source of acquisition | Inventory number | Total Checkouts | Full call number | Barcode | Date last seen | Price effective from | Koha item type |
|---|---|---|---|---|---|---|---|---|---|---|---|---|---|---|---|---|---|
| Dewey Decimal Classification | General | Biblioteca Karol Wojtyla | Biblioteca Karol Wojtyla | Sala general | 03/12/2013 | Compra | 151000000000000000059794 | '025.6 DIR | 84853 | 05/01/2026 | 03/12/2013 | Libro |